1825 1197 1533 1946 1421 1745 1963 1116 1558 1086 1283 1488 1038 1995 1655 1227 1433 1629 1294 1555 1605 1537 1452 1434 1588 1852 1047 1438 1062 1874 1386 1196 1525 1785 1399 1535 1639 1572 1726 1100 1526 1186 1291 1660 1057 1070 1635 1262 1092 1980 1386 1496 1587 1116 1074 1628 1169 1174 1438 1815 1369 1939 1152 1163 1247 1737 1657 1659 1301 1558 1993 1976 1999 1622 1986 1932 1321 1357 1070 1719 1663 1951 1689 1564 1385 1365 1306 1539 1491 1742 1598 1830 1544 1393 1708 1932 1567 1689 1492 BCNSPRNW ULIB Ver.6.0+V

เปลี่ยนเป็นภาษาไทย

Change to English
 แสดงรายละเอียดบรรณานุกรม
  กลับหน้าหลัก

Brief Record : Get Marc (ISO 2709) : E-mail record : QR code < ปิดหน้าต่าง
LEADER : 00000nam 2200000uu 4500
001    13399124046
003     ULIB
008    150105s2555||||th 000 0 tha d
020    ^a9786169129011
060  4 ^aWD220^bF148
110 1  ^aสมาคมโรคไตแห่งประเทศไทย
245 00 ^aFluid, electrolytes and acid-base disorders /^cบรรณาธิการ พงศธร คชเสนี ... [และคนอื่นๆ]
260    ^aกรุงเทพฯ :^bเท็กซ์ แอนด์ เจอร์นัล พับลิเคชั่น,^c2555
300    ^a404 หน้า :^bภาพประกอบ ;^c26 ซม.
650  7 ^aสารน้ำในร่างกายผิดปกติ
650  7 ^aสารน้ำในร่างกาย
650  7 ^aอีเล็คโตรลัยท์
650  7 ^aน้ำ-อีเล็คโตรลัยท์ไม่สมดุล
700 0  ^aพงศธร คะเสนี,^eบรรณาธิการ
945    ^p500^l0^i037928
945    ^p500^l0^i037929
945    ^p500^l0^i037930
999    ^aเกษร โพธิ์สุวรรณ
รายการนี้ยังไม่มีแท็ก
คุณยังไม่ได้ล็อกอิน คุณสามารถมีกิจกรรมร่วมกับเว็บไซต์ได้ แต่ต้องล็อกอินก่อน ::
  ล็อกอิน

รายการสื่อสารสนเทศ

ลำดับที่ ประเภท เลขเรียก/บาร์โค้ด สถานที่ สถานะ
1. วิทยาศาสตร์การแพทย์ และสุขภาพ
หนังสือสำรอง
สถานะ=หนังสือสำรอง
WD220 F148 ฉ.1 
  Barcode: 037928
ห้องสมุดวิทยาเขตสวรรค์ประชารักษ์
►ส่วนจัดเก็บหนังสือเก่า สปร
บนชั้น
  ขอยืม
2. วิทยาศาสตร์การแพทย์ และสุขภาพ
วิทยาศาสตร์การแพทย์ และสุขภาพ
WD220 F148 ฉ.2 
  Barcode: 037929
ห้องสมุดวิทยาเขตสวรรค์ประชารักษ์
►ส่วนจัดเก็บหนังสือเก่า สปร
บนชั้น
  ขอยืม
3. วิทยาศาสตร์การแพทย์ และสุขภาพ
วิทยาศาสตร์การแพทย์ และสุขภาพ
WD220 F148 ฉ.3 
  Barcode: 037930
ห้องสมุดวิทยาเขตสวรรค์ประชารักษ์
►ส่วนจัดเก็บหนังสือเก่า สปร
บนชั้น
  ขอยืม

รายการใกล้เคียง
    หัวเรื่อง [สารน้ำในร่างกายผิดปกติ]
    หัวเรื่อง [สารน้ำในร่างกาย]
    หัวเรื่อง [อีเล็คโตรลัยท์]
    หัวเรื่อง [น้ำ-อีเล็คโตรลัยท์ไม่สมดุล]

BibComment


ยังไม่เคยถูกคอมเมนท์

คอมเมนท์ทรัพยากรรายการนี้
  คอมเมนท์: Fluid electrolyt..


 Copyright 2026. Bcnsprnw @Library